| 000 | 00734cam a2200253u 4500 | ||
|---|---|---|---|
| 999 |
_c10171 _d10171 |
||
| 001 | 10171 | ||
| 003 | BD-JhCC | ||
| 005 | 20180418193950.0 | ||
| 008 | 180417s1964 ii a 000 0 eng | ||
| 035 | _a(BD-JhCC)10171 | ||
| 040 |
_aDLC _cCarP _dDLC _dBD-JhCC |
||
| 041 | _aeng | ||
| 050 | 0 | 0 |
_aNA9251 _b.R3 |
| 082 | _bRAY 1964 | ||
| 100 | 1 | _aRay, Amita. [from old catalog] | |
| 245 | 1 | 0 | _aVillages, towns, and secular buildings in ancient India, C. 150 B. C. C. 35 A. D. / |
| 260 |
_aCalcutta : _bFirma K. L. Mukhopadhyay, _c1964. |
||
| 300 |
_a101 p. _b101 illus. _c25 cm. |
||
| 650 | 0 |
_aCity planning _zIndia. |
|
| 650 | 0 | _aCities and towns, Ancient. | |
| 650 | 0 |
_aArchitecture _zIndia. |
|
| 942 |
_2ddc _cBK |
||